[Event "HUN-chT2 Erkel 1718"]
[Site "Hungary"]
[Date "2017.12.03"]
[Round "5.2"]
[White "Bandy, Attila"]
[Black "Torok, Tamas Titusz"]
[Result "1/2-1/2"]
[WhiteElo "2322"]
[BlackElo "2104"]
[PlyCount "119"]
[EventDate "2017.09.24"]
[EventType "team-tourn"]
[EventRounds "11"]
[EventCountry "HUN"]
[SourceTitle "EXT 2021"]
[Source "ChessBase"]
[SourceDate "2020.10.23"]
[SourceVersion "1"]
[SourceVersionDate "2020.10.23"]
[SourceQuality "1"]
[WhiteTeam "Szada GSBE"]
[BlackTeam "Pestszentlorinc"]
[WhiteTeamCountry "HUN"]
[BlackTeamCountry "HUN"]

1. d4 d5 2. Nf3 Nf6 3. Bf4 c5 4. c3 Nc6 5. e3 Qb6 6. b3 Bf5 7. Bd3 Bxd3 8. Qxd3 cxd4 9. exd4 e6 10. 0-0 Be7 11. Nbd2 0-0 12. Ne5 Nxe5 13. Bxe5 Nd7 14. Nf3 Nxe5 15. Nxe5 Rfd8 16. Rae1 g6 17. Qf3 f5 18. Nd3 Rd6 19. Re3 Bg5 20. Nf4 Rf8 21. Rfe1 Rf6 22. Re5 Bxf4 23. Qxf4 Kg7 24. h4 h6 25. R1e3 a5 26. g4 fxg4 27. Qxg4 a4 28. b4 Qd8 29. f3 Qd7 30. Kf2 Qf7 31. Kg3 b5 32. f4 Rc6 33. Rf3 Qc7 34. Ree3 Qf7 35. Rf2 Qc7 36. Rff3 Qf7 37. Re5 Qc7 38. Ree3 Qf7 39. Kh3 Rf5 40. Re5 Kh7 41. Qg3 Rc8 42. Qf2 g5 43. hxg5 hxg5 44. Kg2 Rf8 45. Rh3+ Kg7 46. Qc2 gxf4 47. Kf3 Qg6 48. Qe2 R8f6 49. Qxb5 Rxe5 50. dxe5 Qe4+ 51. Kf2 Qxe5 52. Qxa4 Qf5 53. Rh1 Rf7 54. Rg1+ Kf6 55. Qd1 Rh7 56. Qd4+ Kf7 57. Qa7+ Kf6 58. Qd4+ Kf7 59. Qa7+ Kf6 60. Qd4+ 1/2-1/2

[Event "HUN-chT2 Erkel 1415"]
[Site "Hungary"]
[Date "2014.11.16"]
[Round "2.2"]
[White "Tomosvary, Attila"]
[Black "Bandy, Attila"]
[Result "0-1"]
[WhiteElo "2128"]
[BlackElo "2347"]
[PlyCount "66"]
[EventDate "2014.09.28"]
[EventType "team-tourn"]
[EventRounds "9"]
[EventCountry "HUN"]
[SourceTitle "EXT 2016"]
[Source "ChessBase"]
[SourceDate "2015.10.08"]
[SourceVersion "1"]
[SourceVersionDate "2015.10.08"]
[SourceQuality "1"]
[WhiteTeam "Vizugy"]
[BlackTeam "GBSE"]
[WhiteTeamCountry "HUN"]
[BlackTeamCountry "HUN"]

1. e4 c5 2. Nc3 d6 3. f4 Nc6 4. Bb5 Nf6 5. Nf3 e6 6. Bxc6+ bxc6 7. d3 Qb6 8. b3 Be7 9. Na4 Qc7 10. c4 Nd7 11. Bb2 Nb6 12. Nxb6 axb6 13. 0-0 0-0 14. Qd2 d5 15. Ne5 b5 16. Qe2 Bd6 17. Ng4 f5 18. e5 Be7 19. Ne3 Bd7 20. Rf3 Be8 21. Rh3 Bg6 22. Rg3 b4 23. Nc2 Ra5 24. a4 bxa3 25. Rxa3 Rfa8 26. Qd2 Qb6 27. Rxa5 Rxa5 28. cxd5 cxd5 29. d4 Ra2 30. Qc3 cxd4 31. Nxd4 Bb4 32. Qc8+ Kf7 33. Qc2 Ba3 0-1

[Event "HUN-chT2 Erkel 1415"]
[Site "Hungary"]
[Date "2014.10.11"]
[Round "1.2"]
[White "Bandy, Attila"]
[Black "Ujj, Daniel"]
[Result "1/2-1/2"]
[WhiteElo "2347"]
[BlackElo "2260"]
[PlyCount "28"]
[EventDate "2014.09.28"]
[EventType "team-tourn"]
[EventRounds "9"]
[EventCountry "HUN"]
[SourceTitle "EXT 2016"]
[Source "ChessBase"]
[SourceDate "2015.10.08"]
[SourceVersion "1"]
[SourceVersionDate "2015.10.08"]
[SourceQuality "1"]
[WhiteTeam "GBSE"]
[BlackTeam "Paszto"]
[WhiteTeamCountry "HUN"]
[BlackTeamCountry "HUN"]

1. Nf3 Nf6 2. d4 e6 3. Bg5 c5 4. e3 cxd4 5. exd4 b6 6. Bd3 Bb7 7. Nbd2 Be7 8. 0-0 0-0 9. Re1 d6 10. c3 Nbd7 11. Qb3 a6 12. a4 Rb8 13. Qd1 Re8 14. Qe2 Ra8 1/2-1/2

[Event "HUN-chT2 Erkel 1314"]
[Site "Hungary"]
[Date "2014.03.23"]
[Round "9.1"]
[White "Mede, Istvan"]
[Black "Bandy, Attila"]
[Result "1-0"]
[WhiteElo "2302"]
[BlackElo "2371"]
[PlyCount "65"]
[EventDate "2013.09.08"]
[EventType "team-tourn"]
[EventRounds "11"]
[EventCountry "HUN"]
[SourceTitle "EXT 2016"]
[Source "ChessBase"]
[SourceDate "2015.10.08"]
[SourceVersion "1"]
[SourceVersionDate "2015.10.08"]
[SourceQuality "1"]
[WhiteTeam "Mezokovesd"]
[BlackTeam "Szada GSBE"]
[WhiteTeamCountry "HUN"]
[BlackTeamCountry "HUN"]

1. e4 d5 2. exd5 Qxd5 3. Nc3 Qa5 4. d4 Nf6 5. Nf3 c6 6. Bc4 Bg4 7. h3 Bxf3 8. Qxf3 e6 9. Bd2 Bb4 10. 0-0-0 Nd5 11. Ne4 Bxd2+ 12. Rxd2 Qc7 13. Qa3 Kd7 14. Qf3 Ke8 15. Re1 Nd7 16. Qa3 N7b6 17. Bf1 Rd8 18. c4 Ne7 19. Qxa7 Ra8 20. Qxb7 Qxb7 21. Nd6+ Kd7 22. Nxb7 Rxa2 23. Nc5+ Kc7 24. Kc2 Rd8 25. Kc3 Rb8 26. Rb1 Nf5 27. Bd3 Nd6 28. b3 Rba8 29. Rxa2 Rxa2 30. Bc2 h6 31. f3 Nb5+ 32. cxb5 Nd5+ 33. Kd2 1-0

[Event "HUN-chT2 Erkel 0809"]
[Site "Hungary"]
[Date "2009.04.19"]
[Round "11.1"]
[White "Bandy, Attila"]
[Black "Csoke, Krisztian"]
[Result "1-0"]
[WhiteElo "2305"]
[BlackElo "2249"]
[PlyCount "71"]
[EventDate "2008.10.26"]
[EventType "team-tourn"]
[EventRounds "11"]
[EventCountry "HUN"]
[SourceTitle "EXT 2010"]
[Source "ChessBase"]
[SourceDate "2010.11.25"]
[SourceVersion "1"]
[SourceVersionDate "2010.11.25"]
[SourceQuality "1"]
[WhiteTeam "Godollo"]
[BlackTeam "Keviterv"]
[WhiteTeamCountry "HUN"]
[BlackTeamCountry "HUN"]

1. d4 Nf6 2. Nf3 g6 3. Bf4 Bg7 4. e3 0-0 5. Be2 d6 6. 0-0 Nbd7 7. c4 Qe8 8. Nc3 e5 9. Bg3 c6 10. b4 Nh5 11. b5 f5 12. bxc6 bxc6 13. Qa4 Nb6 14. Qb4 Nxg3 15. hxg3 exd4 16. exd4 c5 17. Qb3 cxd4 18. c5+ Be6 19. Qc2 dxc5 20. Bb5 Qd8 21. Rad1 Kh8 22. Rfe1 Bg8 23. Na4 Nxa4 24. Qxa4 Qd6 25. Bc4 Rfd8 26. Rc1 Bxc4 27. Qxc4 Bh6 28. Rb1 Qd5 29. Re8+ Kg7 30. Qxd5 Rxd5 31. Rxa8 Rd7 32. Rc8 f4 33. g4 d3 34. g5 Bxg5 35. Nxg5 d2 36. Rd1 1-0

[Event "HUN-chT2 Erkel 0809"]
[Site "Hungary"]
[Date "2009.01.11"]
[Round "5.1"]
[White "Dudas, Janos"]
[Black "Bandy, Attila"]
[Result "0-1"]
[WhiteElo "2351"]
[BlackElo "2305"]
[PlyCount "76"]
[EventDate "2008.10.26"]
[EventType "team-tourn"]
[EventRounds "11"]
[EventCountry "HUN"]
[SourceTitle "EXT 2010"]
[Source "ChessBase"]
[SourceDate "2010.11.25"]
[SourceVersion "1"]
[SourceVersionDate "2010.11.25"]
[SourceQuality "1"]
[WhiteTeam "TTC"]
[BlackTeam "Godollo"]
[WhiteTeamCountry "HUN"]
[BlackTeamCountry "HUN"]

1. Nf3 Nf6 2. c4 b6 3. g3 Bb7 4. Bg2 e6 5. 0-0 Be7 6. d4 0-0 7. d5 exd5 8. Nd4 Ne4 9. cxd5 Bxd5 10. Nf5 c6 11. Ne3 Nf6 12. Nxd5 Nxd5 13. Bxd5 cxd5 14. Qxd5 Nc6 15. Nc3 Nb4 16. Qb3 Re8 17. Rd1 Bc5 18. a3 Nc6 19. Qd5 Re5 20. Qxd7 Qf6 21. Bf4 Re6 22. Qd5 Rae8 23. e3 h6 24. h4 Ne7 25. Qh5 Ng6 26. Qg4 Nxf4 27. Qxf4 Qg6 28. Nd5 Re4 29. Qf3 a5 30. h5 Qg5 31. b4 Bxe3 32. fxe3 Rxe3 33. Nxe3 Rxe3 34. Qf2 Rxg3+ 35. Kf1 Qg4 36. bxa5 bxa5 37. Qd4 Rf3+ 38. Ke1 Qg2 0-1

[Event "HUN-chT2 Erkel 0809"]
[Site "Hungary"]
[Date "2008.11.02"]
[Round "2.1"]
[White "Bandy, Attila"]
[Black "Pirisi, Gabor"]
[Result "0-1"]
[WhiteElo "2305"]
[BlackElo "2216"]
[PlyCount "72"]
[EventDate "2008.10.26"]
[EventType "team-tourn"]
[EventRounds "11"]
[EventCountry "HUN"]
[SourceTitle "EXT 2010"]
[Source "ChessBase"]
[SourceDate "2010.11.25"]
[SourceVersion "1"]
[SourceVersionDate "2010.11.25"]
[SourceQuality "1"]
[WhiteTeam "Godollo"]
[BlackTeam "HASE II"]
[WhiteTeamCountry "HUN"]
[BlackTeamCountry "HUN"]

1. d4 Nf6 2. Nf3 g6 3. Bf4 Bg7 4. e3 0-0 5. Be2 d6 6. 0-0 Nbd7 7. h3 Qe8 8. c4 e5 9. Bh2 Ne4 10. Bd3 Nxf2 11. Rxf2 e4 12. Bc2 exf3 13. Rxf3 b5 14. Nc3 bxc4 15. Nb5 Qd8 16. Be4 Rb8 17. Nxa7 Nf6 18. Bc6 Ba6 19. Bg3 Rb6 20. Bh4 h6 21. Bxf6 Bxf6 22. Bd5 Bg7 23. Qc2 Qg5 24. Qe4 Rxb2 25. Rxf7 Rxf7 26. Qe8+ Kh7 27. Qxf7 Qxe3+ 28. Kh1 h5 29. Nc6 c3 30. Ne7 Bd3 31. Qg8+ Kh6 32. Qe8 Re2 33. Ng8+ Kh7 34. Qf7 Rf2 35. Qxc7 Be4 36. Qe7 Qxh3+ 0-1

[Event "HUN-chT2 Erkel 0708"]
[Site "Hungary"]
[Date "2007.10.14"]
[Round "1"]
[White "Bandy, Attila"]
[Black "Tornai, Imre"]
[Result "1/2-1/2"]
[WhiteElo "2294"]
[BlackElo "2241"]
[PlyCount "120"]
[EventDate "2007.10.14"]
[EventType "team"]
[EventRounds "11"]
[EventCountry "HUN"]
[SourceTitle "EXT 2009"]
[Source "ChessBase"]
[SourceDate "2008.11.26"]
[SourceVersion "1"]
[SourceVersionDate "2008.11.26"]
[SourceQuality "1"]
[WhiteTeam "Godollo"]
[BlackTeam "Vaci"]
[WhiteTeamCountry "HUN"]
[BlackTeamCountry "HUN"]

1. Nf3 f5 2. c4 Nf6 3. Nc3 e6 4. d4 Bb4 5. Qb3 Qe7 6. e3 b6 7. Be2 Bb7 8. 0-0 Bxc3 9. bxc3 d6 10. c5 Ne4 11. cxd6 Nxd6 12. Ba3 0-0 13. c4 Qf6 14. c5 Bd5 15. Qa4 Ne4 16. Bc4 Rd8 17. Bxd5 exd5 18. cxb6 cxb6 19. Rac1 a6 20. Rc7 b5 21. Qa5 Nc6 22. Qb6 Ne5 23. Qxf6 Nxf3+ 24. gxf3 Nxf6 25. Rfc1 Rd7 26. Rc8+ Rd8 27. Rxd8+ Rxd8 28. Be7 Ra8 29. Bxf6 gxf6 30. Rc5 Kf7 31. Rxd5 Ke6 32. Rc5 b4 33. Ra5 f4 34. Kf1 Kd6 35. Ke2 Kc7 36. Kd3 Kb6 37. Rf5 fxe3 38. fxe3 a5 39. Rxf6+ Kb5 40. Rf5+ Ka4 41. Rc5 Ka3 42. Rc2 a4 43. e4 Rf8 44. e5 Rxf3+ 45. Ke4 Rc3 46. Rg2 b3 47. axb3 axb3 48. e6 Rc2 49. Rg7 b2 50. Ra7+ Kb3 51. Rb7+ Kc4 52. h4 Re2+ 53. Kf5 Kxd4 54. Kf6 Kd5 55. Rd7+ Kc6 56. Rd1 Rd2 57. e7 Rf2+ 58. Kg7 Re2 59. Kf8 Rf2+ 60. Kg7 Re2 1/2-1/2

[Event "HUN-chT2 Erkel 0607"]
[Site "Hungary"]
[Date "2007.04.15"]
[Round "8"]
[White "Brustkern, Juergen"]
[Black "Bandy, Attila"]
[Result "1-0"]
[WhiteElo "2240"]
[BlackElo "2305"]
[PlyCount "53"]
[EventDate "2006.11.12"]
[EventType "team"]
[EventRounds "11"]
[EventCountry "HUN"]
[SourceTitle "EXT 2008"]
[Source "ChessBase"]
[SourceDate "2007.11.25"]
[SourceVersion "1"]
[SourceVersionDate "2007.11.25"]
[SourceQuality "1"]
[WhiteTeam "MAFC"]
[BlackTeam "Godollo"]
[WhiteTeamCountry "HUN"]
[BlackTeamCountry "HUN"]

1. d4 d5 2. c4 c6 3. Nc3 e6 4. e4 dxe4 5. Nxe4 Be7 6. Nf3 Nf6 7. Bd3 b6 8. 0-0 Nbd7 9. Qe2 Bb7 10. Neg5 0-0 11. Re1 Qc7 12. Bd2 Rae8 13. Bc3 h6 14. Nxe6 fxe6 15. Qxe6+ Rf7 16. Bg6 Ref8 17. Nh4 Qd6 18. Nf5 Qxe6 19. Rxe6 Bd8 20. Rae1 Bc7 21. Re7 Rxe7 22. Rxe7 Kh8 23. g3 Bd8 24. Re6 Ba8 25. f4 Ng8 26. d5 cxd5 27. Bxg7# 1-0

[Event "Budapest FS10 IM"]
[Site "Budapest"]
[Date "2006.10.17"]
[Round "11"]
[White "Bandy, Attila"]
[Black "Henris, Luc"]
[Result "1/2-1/2"]
[WhiteElo "2323"]
[BlackElo "2269"]
[PlyCount "22"]
[EventDate "2006.10.07"]
[EventType "tourn"]
[EventRounds "13"]
[EventCountry "HUN"]
[EventCategory "1"]
[SourceTitle "CBM 114 Extra"]
[Source "ChessBase"]
[SourceDate "2006.11.03"]
[SourceVersion "1"]
[SourceVersionDate "2006.11.03"]
[SourceQuality "1"]

1. d4 d5 2. Nf3 Nc6 3. Bf4 Bg4 4. Nbd2 e6 5. e3 Bd6 6. c3 Nge7 7. Bd3 e5 8. dxe5 Nxe5 9. Bxe5 Bxe5 10. Qa4+ Bd7 11. Bb5 Bd6 1/2-1/2

[Event "Budapest FS10 IM"]
[Site "Budapest"]
[Date "2006.10.13"]
[Round "7"]
[White "Bandy, Attila"]
[Black "Farago, Sandor"]
[Result "1/2-1/2"]
[WhiteElo "2323"]
[BlackElo "2275"]
[PlyCount "111"]
[EventDate "2006.10.07"]
[EventType "tourn"]
[EventRounds "13"]
[EventCountry "HUN"]
[EventCategory "1"]
[SourceTitle "CBM 114 Extra"]
[Source "ChessBase"]
[SourceDate "2006.11.03"]
[SourceVersion "1"]
[SourceVersionDate "2006.11.03"]
[SourceQuality "1"]

1. d4 d5 2. Nf3 Nf6 3. c3 e6 4. Bg5 h6 5. Bh4 Nbd7 6. Nbd2 Be7 7. e3 b6 8. Bd3 Bb7 9. Qe2 Ne4 10. Bxe7 Qxe7 11. Ba6 Bxa6 12. Qxa6 Nxd2 13. Nxd2 0-0 14. 0-0 c5 15. Nf3 Qd6 16. Rfe1 Nb8 17. Qa3 Nc6 18. e4 dxe4 19. Rxe4 Rfd8 20. dxc5 bxc5 21. h3 Rab8 22. Rae1 Rb5 23. b3 Qd3 24. Qa4 Rb6 25. Rc4 Rd5 26. Qa3 Rb5 27. Qa6 Rb6 28. Qc8+ Kh7 29. Qc7 Rf5 30. Nh4 Rg5 31. f4 Qg3 32. Rf1 Rh5 33. Nf3 Rf5 34. b4 Na5 35. Rxc5 Nb7 36. Rxf5 exf5 37. Rf2 Nd6 38. Qxa7 Rc6 39. Qd7 Rxc3 40. Qxd6 Rc1+ 41. Rf1 Rc2 42. Nd2 Qe3+ 43. Rf2 Qe1+ 44. Rf1 Qe3+ 45. Kh2 Rxd2 46. Qe5 Qd3 47. Re1 Qc2 48. Rg1 g6 49. b5 Qxa2 50. b6 Rb2 51. Qc7 Qd5 52. Kh1 h5 53. Kh2 h4 54. Qe7 Rxb6 55. Qxh4+ Kg7 56. Rf1 1/2-1/2

[Event "Budapest FS10 IM"]
[Site "Budapest"]
[Date "2006.10.11"]
[Round "5"]
[White "Bandy, Attila"]
[Black "Graf, Felix"]
[Result "1-0"]
[WhiteElo "2323"]
[BlackElo "2221"]
[PlyCount "49"]
[EventDate "2006.10.07"]
[EventType "tourn"]
[EventRounds "13"]
[EventCountry "HUN"]
[EventCategory "1"]
[SourceTitle "CBM 114 Extra"]
[Source "ChessBase"]
[SourceDate "2006.11.03"]
[SourceVersion "1"]
[SourceVersionDate "2006.11.03"]
[SourceQuality "1"]

1. d4 Nf6 2. Nf3 e6 3. Bf4 b6 4. e3 Bb7 5. Bd3 Be7 6. Nbd2 c5 7. c3 cxd4 8. exd4 Nd5 9. Bg3 f5 10. c4 Nf6 11. d5 0-0 12. d6 Nc6 13. 0-0 Ne8 14. dxe7 Qxe7 15. Re1 g5 16. Be5 d6 17. Bc3 g4 18. Nd4 Ne5 19. Bf1 Nc7 20. Nb5 Nxb5 21. cxb5 Ng6 22. Nc4 Rad8 23. Bb4 Nf4 24. Bxd6 Qg7 25. g3 1-0

[Event "HUN-chT2 Erkel 0910"]
[Site "Hungary"]
[Date "2006.04.18"]
[Round "10.1"]
[White "Bandy, Attila"]
[Black "Toth, Laszlo"]
[Result "1-0"]
[WhiteElo "2300"]
[BlackElo "2216"]
[PlyCount "81"]
[EventDate "2009.11.08"]
[EventType "team-tourn"]
[EventRounds "11"]
[EventCountry "HUN"]
[SourceTitle "EXT 2011"]
[Source "ChessBase"]
[SourceDate "2010.11.26"]
[SourceVersion "1"]
[SourceVersionDate "2010.11.26"]
[SourceQuality "1"]
[WhiteTeam "Godollo"]
[BlackTeam "Paszto"]
[WhiteTeamCountry "HUN"]
[BlackTeamCountry "HUN"]

1. d4 d5 2. Nf3 Nf6 3. Bf4 c6 4. e3 Bf5 5. Bd3 Bg6 6. 0-0 Nbd7 7. Ne5 Nxe5 8. Bxe5 e6 9. Qe2 Bd6 10. f4 0-0 11. Nd2 Ne4 12. Bxe4 dxe4 13. Bxd6 Qxd6 14. g4 f5 15. Nc4 Qe7 16. Ne5 Be8 17. c3 Rd8 18. Rf2 a6 19. b4 Kh8 20. a4 a5 21. bxa5 Ra8 22. Nc4 c5 23. Qd1 Bc6 24. Rb2 fxg4 25. Qxg4 Rf6 26. Ne5 c4 27. Kh1 Bd5 28. Rb5 Qd8 29. Rg1 g6 30. Qh4 Kg7 31. Ng4 Rf7 32. Qh6+ Kg8 33. Ne5 Rg7 34. h4 Qe7 35. Rc5 Rf8 36. Rg5 Qe8 37. h5 Rf5 38. hxg6 Rxg5 39. Qxg5 hxg6 40. Kg2 Rh7 41. Ng4 1-0

[Event "HUN-chT2 Erkel 0506"]
[Site "Hungary"]
[Date "2006.04.09"]
[Round "10"]
[White "Kiss, Gergely"]
[Black "Bandy, Attila"]
[Result "0-1"]
[WhiteElo "2313"]
[BlackElo "2305"]
[PlyCount "120"]
[EventDate "2005.10.16"]
[EventType "team"]
[EventRounds "11"]
[EventCountry "HUN"]
[SourceTitle "EXT 2009"]
[Source "ChessBase"]
[SourceDate "2008.11.26"]
[SourceVersion "1"]
[SourceVersionDate "2008.11.26"]
[SourceQuality "1"]
[WhiteTeam "Stat PSC II"]
[BlackTeam "Godollo"]
[WhiteTeamCountry "HUN"]
[BlackTeamCountry "HUN"]

1. e4 d5 2. exd5 Qxd5 3. Nc3 Qa5 4. d4 c6 5. Nf3 Nf6 6. Bc4 Bg4 7. h3 Bxf3 8. Qxf3 e6 9. Bd2 Qc7 10. 0-0-0 Nbd7 11. g4 Nb6 12. Bb3 Nbd5 13. g5 Nxc3 14. Qxc3 Ne4 15. Qf3 Nxd2 16. Rxd2 Bd6 17. Rd3 Bf4+ 18. Kb1 Bxg5 19. Bxe6 0-0 20. Bb3 Rad8 21. Rg1 Qe7 22. c3 Rd6 23. Qg4 Rg6 24. Qh5 Bh4 25. Rxg6 hxg6 26. Qf3 Qe1+ 27. Rd1 Qxf2 28. Qxf2 Bxf2 29. d5 cxd5 30. Rxd5 Kh7 31. Rd7 f5 32. Rxb7 Re8 33. Rf7 Re1+ 34. Kc2 Re2+ 35. Kb1 Be3 36. a3 Rh2 37. Bd5 Rxh3 38. Kc2 f4 39. b4 g5 40. c4 g4 41. c5 Rh2+ 42. Kb3 f3 43. Bxf3 gxf3 44. Rxf3 Bc1 45. c6 Rb2+ 46. Kc3 Re2 47. a4 Re7 48. Kd4 g5 49. Kd5 Bf4 50. b5 Bc7 51. Ra3 g4 52. a5 g3 53. Ra1 Re5+ 54. Kc4 Bd6 55. b6 Rc5+ 56. Kd4 axb6 57. Rh1+ Kg7 58. axb6 Rxc6 59. b7 Rb6 60. Kd5 Bb8 0-1

[Event "HUN-chT2 Erkel 0506"]
[Site "Hungary"]
[Date "2005.11.27"]
[Round "4"]
[White "Bandy, Attila"]
[Black "Bakos, Balazs"]
[Result "0-1"]
[WhiteElo "2305"]
[BlackElo "2234"]
[PlyCount "60"]
[EventDate "2005.10.16"]
[EventType "team"]
[EventRounds "11"]
[EventCountry "HUN"]
[SourceTitle "EXT 2009"]
[Source "ChessBase"]
[SourceDate "2008.11.26"]
[SourceVersion "1"]
[SourceVersionDate "2008.11.26"]
[SourceQuality "1"]
[WhiteTeam "Godollo"]
[BlackTeam "Fuzesabony"]
[WhiteTeamCountry "HUN"]
[BlackTeamCountry "HUN"]

1. d4 Nf6 2. Nf3 g6 3. Bf4 Bg7 4. e3 0-0 5. h3 d6 6. c3 Nbd7 7. Bc4 Qe8 8. 0-0 e5 9. dxe5 dxe5 10. Bh2 Ne4 11. Nbd2 Nd6 12. Re1 Nxc4 13. Nxc4 Qe6 14. Na3 b6 15. Qb3 Qc6 16. Rad1 Nc5 17. Qb5 Qe6 18. Qc4 Qxc4 19. Nxc4 f6 20. b3 Be6 21. Nb2 a5 22. Nd2 a4 23. b4 a3 24. bxc5 axb2 25. cxb6 cxb6 26. Nb1 Rfd8 27. a3 Bb3 28. Rxd8+ Rxd8 29. f4 Rd1 30. Kf2 Rxe1 0-1